| 000 | 00819nam a2200205 a 4500 | ||
|---|---|---|---|
| 003 | 0 | ||
| 005 | 20250514111229.0 | ||
| 008 | 970101s19uu xx 00 eng d | ||
| 050 |
_aPHS ML 3830 _b.D45 2004 |
||
| 100 | _ade Luzuriaga, Antonio Rafael R. | ||
| 245 |
_aThe Perceptions of second year students of Veritas Parochial School on the effects of music while studying / _cAntonio Rafael R. de Luzuriaga. |
||
| 260 |
_aLas PiƱas City, Philippines : _bSouthville International School and Colleges, _c2004. |
||
| 300 |
_a40 pages : _billustrations ; _c28 cm. |
||
| 504 | _aIncludes bibliographical references. | ||
| 650 |
_aMusic _xPsychological aspects. |
||
| 650 |
_aLearning _xPsychological aspects. |
||
| 650 |
_aAcademic achievement _xPsychological aspects. |
||
| 650 | _aStudy environment. | ||
| 942 |
_2lcc _cPASS |
||
| 999 |
_c97107 _d97107 |
||